| 000 | 00000nam##2200000za#4500 |
| 001 | 9.570311 |
| 003 | CaOODSP |
| 005 | 20210624182200 |
| 007 | cr ||||||||||| |
| 008 | 150406|1993||||xxc|||||o f|0| 0 eng|d |
| 040 | |aCaOODSP|beng |
| 043 | |an-cn--- |
| 086 | 1 |aNM95-57/15-2-1993E-PDF |
| 110 | 1 |aCanada.|bCanadian Heritage. |bCanadian Conservation Institute. |
| 245 | 10|aCare of machinery artifacts displayed or stored outside |h[electronic resource] |
| 260 | |aOttawa - Ontario : |bCanadian Heritage. |cc1993. |
| 300 | |a6p.|bfigs. |
| 490 | 1 |aCCI Notes |v15/2 |
| 500 | |aThe catalogue number (NM95-57/15-2-1993E) and ISSN (0714-6221) for the print edition have been incorrectly copied in this electronic publication. |
| 504 | |aBibliography. |
| 590 | |a11-22-Supp|b2011-10-13 |
| 775 | 08|tLe soin des objets de musée exposés ou remisés à l'extérieur |w(CaOODSP)9.601054 |
| 776 | 0#|tCare of machinery artifacts displayed or stored outside |w(CaOODSP)9.610427 |
| 830 | #0|aCCI notes ;|v15/2|w(CaOODSP)9.506353 |
| 856 | 40|ahttp://publications.gc.ca|qPDF|s2.38 MB|uhttps://publications.gc.ca/collections/collection_2011/pc-ch/NM95-57-15-2-1993-eng.pdf|y15/2 |